Preceptiva literaria /

Enregistré dans:
Détails bibliographiques
Auteur principal: Rey Carrera, Juan (autor)
Format: Livre
Langue:espagnol
Publié: Santander, España : Sal Terrae, 1955, c1955
Tags: Ajouter un tag
Pas de tags, Soyez le premier à ajouter un tag!

MARC

LEADER 00000nam^a2200000^a^4500
001 000596425
005 20250521000000.0
009 20260310133107.2
037 |a Acervo Xavier Clavigero 
041 |a ESP 
091 |a FDU. 00704 
100 |a Rey Carrera, Juan  |e (autor) 
240 1 1 |a [Preceptiva literaria] 
245 1 0 |a Preceptiva literaria / 
264 4 |a Santander, España :  |b Sal Terrae,  |c 1955, c1955 
300 |a 264 p. 
336 |a texto  |b txt  |2 rdacontenido 
337 |a sin mediación  |b n  |2 rdamedio 
338 |a volumen  |b nc  |2 rdasoporte 
649 |a XX 
910 |a Fondo Víctor Raúl Durana Valerio S.J. 
920 |a Impresos - Libros 
930 |a Fondos Especiales 
940 |a Literatura 
905 |a 116 
901 |a 596425-10  |b IT2  |c ESP  |i D5122  |u 20250521 
902 |a https://opac.biblio.iteso.mx/vufind/Record/000596425